[Event "GER-ch U18 sf Berlin Online"]
[Site "Playchess.com INT"]
[Date "2020.05.01"]
[Round "2"]
[White "Wagner, Julien"]
[Black "Kuhn, Alexander"]
[Result "0-1"]
[WhiteElo "1620"]
[BlackElo "1620"]
[PlyCount "50"]
[EventDate "2020.05.01"]
[EventType "swiss (blitz)"]
[EventRounds "13"]
[EventCountry "GER"]
[SourceTitle "CBM 195 Extra"]
[Source "ChessBase"]
[SourceDate "2020.05.31"]
[SourceVersion "1"]
[SourceVersionDate "2020.05.31"]
[SourceQuality "1"]

1. e4 d6 2. Nf3 Qd7 3. Bc4 Qc6 4. d3 Qb6 5. Nc3 g6 6. 0-0 Bg7 7. Bd2 Be6 8. b3 Bxc4 9. bxc4 Na6 10. Nd5 Qc5 11. Be3 c6 12. Bxc5 dxc5 13. Nc3 Bxc3 14. Rb1 Rb8 15. Rb3 Bg7 16. d4 Rd8 17. d5 h5 18. Rxb7 Nh6 19. Rxa7 Nb4 20. a3 Na2 21. Rc7 Nc3 22. Qe1 Na4 23. Rxc6 Bc3 24. Qb1 0-0 25. Qb5 Ra8 0-1

[Event "GER-ch U18 sf Berlin Online"]
[Site "Playchess.com INT"]
[Date "2020.05.01"]
[Round "8"]
[White "Wagner, Julien"]
[Black "Stein, Daniel3333"]
[Result "0-1"]
[WhiteElo "1620"]
[BlackElo "1194"]
[PlyCount "80"]
[EventDate "2020.05.01"]
[EventType "swiss (blitz)"]
[EventRounds "13"]
[EventCountry "GER"]
[SourceTitle "CBM 195 Extra"]
[Source "ChessBase"]
[SourceDate "2020.05.31"]
[SourceVersion "1"]
[SourceVersionDate "2020.05.31"]
[SourceQuality "1"]

1. e4 e5 2. Nf3 Nc6 3. Bc4 Nf6 4. Nc3 Bc5 5. 0-0 d6 6. h3 Be6 7. Bb3 Bxb3 8. axb3 Qd7 9. d3 0-0-0 10. Be3 Bxe3 11. fxe3 Rdg8 12. d4 exd4 13. exd4 d5 14. e5 Ne4 15. Nxe4 dxe4 16. Ng5 Qxd4+ 17. Qxd4 Nxd4 18. Nxe4 h5 19. c3 Nc6 20. Rxf7 g5 21. Nf6 Rg6 22. Ne4 Nxe5 23. Nf6 Nxf7 24. Nd5 g4 25. Ne7+ Kd8 26. Nxg6 Rh6 27. Ne5 Nxe5 28. Rxa7 Kc8 29. Ra8+ Kd7 30. Ra7 b6 31. Ra4 h4 32. Rd4+ Ke6 33. Rb4 Nf3+ 34. Kf2 Nh2 35. c4 g3+ 36. Kg1 Kd6 37. c5+ bxc5 38. Ra4 Kd5 39. Ra7 Re6 40. Ra6 Re1# 0-1